System Simulation With Digital Computers (Record no. 26182)
[ view plain ]
| 000 -LEADER | |
|---|---|
| fixed length control field | 00375nam a2200169Ia 4500 |
| 082 ## - DEWEY DECIMAL CLASSIFICATION NUMBER | |
| Classification number | 4.2 |
| Item number | DEO |
| 100 ## - MAIN ENTRY--PERSONAL NAME | |
| Personal name | Deo/Narsingh |
| 245 ## - TITLE STATEMENT | |
| Title | System Simulation With Digital Computers |
| 260 ## - PUBLICATION, DISTRIBUTION, ETC. | |
| Name of publisher, distributor, etc. | prentice hall |
| Date of publication, distribution, etc. | 1979 |
| 366 ## - TRADE AVAILABILITY INFORMATION | |
| Publishers's discount category | 27 |
| 300 ## - PHYSICAL DESCRIPTION | |
| Extent | 200 |
| 546 ## - LANGUAGE NOTE | |
| Language note | ENGLISH |
| -- | Computers |
| 650 ## - SUBJECT ADDED ENTRY--TOPICAL TERM | |
| Topical term or geographic name entry element | Simulation |
| 654 ## - SUBJECT ADDED ENTRY--FACETED TOPICAL TERMS | |
| Focus term | system simulation |
| 942 ## - ADDED ENTRY ELEMENTS (KOHA) | |
| Koha item type | BOOK |
| Withdrawn status | Lost status | Damaged status | Not for loan | Collection | Home library | Current library | Date acquired | Source of acquisition | Cost, normal purchase price | Inventory number | Total Checkouts | Full call number | Barcode | Date last seen | Cost, replacement price | Price effective from | Koha item type |
|---|---|---|---|---|---|---|---|---|---|---|---|---|---|---|---|---|---|
| CRC | Fr. Agnel's C.Rodrigues College of Engineering | Fr. Agnel's C.Rodrigues College of Engineering | 17/03/2023 | Allied Publishers | 127.75 | 375 dt 18.06.2015 | 4.2 DEO | 23704 | 11/02/2025 | 175.00 | BOOK |